01469nab a22002537a 4500999001500000003000400015005001700019008004100036040000700077100002300084245018500107260007300292300001500365500002700380505027300407505016700680505008200847650002300929650003100952650003100983650003301014773015501047942001301202 c5539d5539OSt20251215151042.0190429b xxu||||| |||| 00| 0 spa d cPJ 96520aRey, Eugenio10aReescribiendo el pasado. Crítica a la jurisprudencia de la Cámara Nacional de Casación en lo Criminal y Correccional en materia de unificaciones de condenas /cEugenio Rey. cCiudad Autónoma de Buenos Aires :aThomson Reuters La Ley, b2025. ap. 105-114 aCita: AR/DOC/177/2025. aSumario: I. Volver al futuro.— II. Un caso imaginario que de imaginario tiene poco.— III. Doctrina.— IV. Algunas decisiones de la Cámara nacional de Casación en lo Criminal y Correccional sobre la materia.— V. Tres problemas distintos.— VI. Conclusiones. tFallo comentado: Juzgado de Garantías Nro. 2 de Azul ~ 18/04/2024 ~ ..., J. C. s/ abuso sexual gravemente ultrajante y abuso sexual con acceso carnal agravado. tSi te interesa el texto completo, solicitalo a koha@justierradelfuego.gov.ar  09343aDERECHO PENAL 096489aUNIFICACION DE PENAS 094840aANTECEDENTES PENALES 095741aSENTENCIA CONDENATORIA0 0265893164tRevista de derecho penal y criminología. Nº 2 - Marzo 2025dCiudad Autónoma de Buenos Aires : Thomson Reuters La Ley, 2017-x00347914 2udccANA